01430nam a22002417a 450000500170000000800410001702000140005804000070007204100080007908200220008710000240010924500460013326000440017930000290022336500300025252006950028265000320097765000260100970000260103594200120106199900190107395200960109220211026111108.0211026b ||||| |||| 00| 0 eng d a812502476 cAL aeng 223a294.565bKATV aManjari Katju91772 aVishva Hindu Parishad and Indian Politics aHyderabadbOrient Longman Limitedc2003 aix,186 p.bHBc22x14 cm. b₹350.00c₹d₹350.00 aVishva Hindu Parishad and Indian Politics provides a detailed historical account of the VHP, one of the leading organisations in the Hindutva movement, focusing on its transformation from a loosely-knit body of Hindus aimed at preserving and promoting Hindu dharma, into a mass organisation actively involved in mobilising the urban middle classes, service professionals and religious leaders for the creation and promotion of a strong Hindu nation. Rich in empirical data, the book contains extensive quotations from fifty interviews carried out for this study, including those with central figures in the VHP such as Praveen Togadia and Ashok Singhal and members of related organisations. aVishva Hindu Parishad91773 aIndian Politics91774 aKATJU (Manjari)91775 2ddccGF c216692d216692 00102ddc40708OTHaALbALd2013-03-23l0o294.565 KATVpGF01121r2021-10-26 00:00:00yGF